000 01185nam a22003737a 4500
001 000656
003 DO-SdBPM
005 20250819121345.0
007 a
008 161108b 2000 mx a |||| 00| 0 spa d
020 _a9681905598
040 _aDO-SdBPM
_bspa
_cBPMSU
_erda
082 4 _a823.91
_b D131c 2000
_222
100 1 _aDahl, Roald,
_d1916-1990.
_eautor
240 _aThe Twits.
_lEspañol
245 1 4 _aLos cretinos /
_cRoald Dahl ; ilustraciones Quentin Blake.
250 _a 2a. ed.
260 _c
264 _aMéxico :
_bAlfaguara,
_c2000
300 _a103 páginas :
_bilustraciones ;
_c20 cm.
336 _atexto
_btxt
_2rdacontent
337 _asin mediación
_bn
_2rdamedia
338 _avolumen
_bnc
_2rdacarrier
490 0 _aAlfaguara infantil
500 _a
500 _aPara niños a partir de los 10 años.
501 _aIncluye datos biográficos del autor en la solapa de la contracubierta.
590 _aInventariado, 2025/VM
650 7 _aCuentos infantiles ingleses.
650 7 _aMonos
_vCuentos infantiles
700 1 _aBlake, Quentin,
_eilustración
910 _aVMateo V. Control de calidad. BPMSU
942 _2ddc
_cBK
999 _c11844
_d11844